Davies on contract

Bibliographic Details
Format: Book

MARC

LEADER 00000cam a2200000 7i4500
001 0000009033
002 000009843
005 20000330.0
020 |a 0421522801 
090 0 0 |a 346.4102   |b UPE 
245 1 0 |a Davies on contract 
999 |a 047948   |b BUKU   |c PINJAMAN   |e PERPUSTAKAAN KOMUNITI PETALING JAYA